LIBRARY & INFORMATION CENTRE, KCAET, TAVANUR

ONLINE PUBLIC ACCESS CATALOGUE (OPAC)

Measurement System : Application and design / (Record no. 1388)

MARC details
000 -LEADER
fixed length control field 00439cam a2200169ua 4500
003 - CONTROL NUMBER IDENTIFIER
control field OSt
008 - FIXED-LENGTH DATA ELEMENTS--GENERAL INFORMATION
fixed length control field 250101b |||||||| |||| 00| 0 eng d
020 ## - INTERNATIONAL STANDARD BOOK NUMBER
ISBN 0-07-017337-0
041 ## - LANGUAGE CODE
Language code of text/sound track or separate title eng
082 ## - DEWEY DECIMAL CLASSIFICATION NUMBER
Classification number 621.37
Item number DOE/ME
100 ## - MAIN ENTRY--AUTHOR NAME
Personal name Doebelin, Ernest O .
245 ## - TITLE STATEMENT
Title Measurement System : Application and design /
250 ## - EDITION STATEMENT
Edition statement 3 /
260 ## - PUBLICATION, DISTRIBUTION, ETC. (IMPRINT)
Place of publication New York :
Name of publisher Mc Graw Hill Book Company ,
Year of publication 1983.
300 ## - PHYSICAL DESCRIPTION
Number of Pages 867 ; .
942 ## - ADDED ENTRY ELEMENTS (KOHA)
Koha item type Books
Holdings
Withdrawn status Lost status Damaged status Home library Current library Date acquired Full call number Accession Number Koha item type
      KAUAET KAUAET 07/04/2012 621.37 DOE/ME 15705 Books
      KAUAET KAUAET 07/04/2012 621.37 DOE/ME 18024 Books
      KAUAET KAUAET 07/04/2012 621.37 DOE/ME 21142 Books
free website counter